000 00381nam a2200121Ia 4500
008 200226s9999 xx 000 0 und d
020 _a978-81-7245-055-7
100 _aWhiteman, W.A.
245 _cW.A. Whiteman.--
_aPerfect public speaking /
260 _aNew Delhi :
_bGoodwill publishing house
_c2001
300 _a160 pages :
_billustration ;
_c21 cm.
650 _aPublic speaking.
999 _c362966
_d362966